000 00876nam a2200241 i 4500
001 164680
003 ES-MaACL
005 20250714080908.0
008 050804s1857 fr | |||||||| ||fre d
040 _aCAM
_bspa
_cCAM
100 1 _aSand, George,
_d1804-1876
_9103060
245 1 3 _aLa péché de Monsieur Antoine /
_cpar George Sand.
250 _aNouvelle éd.
260 _aParis :
_bMichel Lévy frères libraires-éditeurs,
_c1857 (
_fTyp. de M\pme\s V\pe\s Dondey-Dupré)
300 _a2 v. (320; 284 p.) ;
_c18 cm.
490 1 _aCollection Michel Lévy
490 1 _aOeuvres de George Sand
505 8 _aEn el t.II constan también las obras: Pauline; L'Orco (pp.169-284)
830 0 0 _aCollection Michel Lévy
_9182425
830 0 _aOeuvres de George Sand
_9188465
852 _aES-MaACL
_jG-14744
_z-- Enc. hol.
_z-- 2 t. en 1 v.
999 _c164680
_d164680